583系を用いた定期特急列車愛称 - Statistics

General Stats
  • This quiz has been taken 9 times
  • The average score is 11 of 19
Answer Stats
地域 列車愛称 % Correct
東北 はくつる
88%
東北 ゆうづる
88%
山陽・九州 なは
88%
山陽・九州 はと
75%
北陸 雷鳥
75%
山陽・九州 みどり
63%
山陽・九州 つばめ
63%
山陽・九州 金星
63%
山陽・九州 明星
63%
山陽・九州 有明
63%
北陸 しらさぎ
63%
山陽・九州 にちりん
63%
東北 はつかり
50%
山陽・九州 しおじ
50%
東北 ひばり
50%
山陽・九州 彗星
50%
山陽・九州 きりしま
38%
山陽・九州 月光
25%
東北 みちのく
13%
No matching quizzes found
Score Distribution
Percent of People with Each Score
Percentile by Number Answered
Your Score History
You have not taken this quiz